000 01115cam a22003011i 4500
003 SA-RiAUC
005 20250903085627.0
008 250901s2016____jo f b 000r0 ara c
020 _a9789957605148
035 _aADRIF2018-1124
040 _aSA-RiIMS
_bara
_cSA-RiAUC
_erda
050 4 _bF87 2016
082 0 4 _a251.6
_qSA-RiAUC
090 _a251.6
_bم ص ط
100 1 _aمصطفى، محمد شريف
_eمؤلف.
245 1 2 _aالفروق في أصول الفقه :
_bدراسة نظرية تأصيلية /
_cمحمد شريف مصطفى.
250 _aالطبعة السادسة.
264 1 _aعمان، الأردن :
_bدار الفاروق،
_c2016
300 _a68 صفحة ؛
_c24 سم
336 _aنص
_btxt
_2rdacontent
_3كتاب
337 _aبدون وسيط
_bn
_2rdamedia
338 _aمجلد
_bnc
_2rdacarrier
504 _aيشتمل على إرجاعات ببليوجرافية.
650 7 _aالفروق الفقهية
_2aucsh
650 7 _aأصول الفقه الإسلامي
_2aucsh
942 _2ddc
_cBOOK
_n0
949 _aSA-JeALM
_d250901
_umohamedma123
_n1
999 _c11410
_d11410